Λόγγου ποιμενικά : Δάφνις και Χλόη
Saved in:
| Main Author: | |
|---|---|
| Other Authors: | |
| Format: | Book |
| Language: | Greek Ancient Greek |
| Published: |
[χ.τ.] :
Ελληνικός Εκδοτικός Οργανισμός,
[19--;]
|
| Series: | Βιβλιοθήκη των Ελλήνων ;
; 27 |
| Subjects: | |
| Tags: |
Add Tag
No Tags, Be the first to tag this record!
|
MARC
| LEADER | 00000cam a2200000 i 4500 | ||
|---|---|---|---|
| 001 | 1/23917 | ||
| 008 | 060210q19701980 gre d | ||
| 035 | |l 10082549 | ||
| 040 | |a GR-MY-UA |b gre |e aacr | ||
| 041 | 0 | |a gre |a grc | |
| 082 | 0 | |a 888.03 |2 (22) | |
| 100 | 0 | |a Λόγγος. | |
| 245 | 1 | 0 | |a Λόγγου ποιμενικά : |b Δάφνις και Χλόη / |c Λόγγος ; μετάφραση Νίκου Σφυροέρα |
| 260 | |a [χ.τ.] : |b Ελληνικός Εκδοτικός Οργανισμός, |c [19--;] | ||
| 300 | |a 111 σ.; |c 21 εκ. | ||
| 490 | 1 | |a Βιβλιοθήκη των Ελλήνων |v ; 27 | |
| 500 | |a Νεοελληνική μετάφραση και αρχαίο κείμενο | ||
| 650 | 0 | 0 | |a Greek literature, Hellenistic. |
| 700 | 1 | |a Σφυρόερας, Νίκος Βλ. |d 1914-1989. |4 trl | |
| 830 | 0 | |a Βιβλιοθήκη των Ελλήνων ; |v ; 27 | |
| 852 | |a INST |b RHODES |c KRI |e 20060210 |h 888.03 ΛΟΓ |p 005400030567 |q 005400030567 |t BK |y 0 | ||
| 901 | |a BIBL4-2006-1 | ||
| 909 | |a Ρ |b 123153 | ||
| 970 | |a ΚΟΖΑ |b ΜΑΡΙΑ |z 2006/02/10 | ||